000 01211nam a2200241Ia 4500
999 _c36924
_d36924
001 2875
003 GE_BSU
005 20200127160429.0
008 181216s2001||||ge |||||||||||||| ||geo||
020 _a9992881119
040 _cGE_BSU
041 _ageo
080 _a338(100)(075.8) + 339.54 ლ–63
100 _aლინდერტი, პიტერ
_9848
245 _aსაერთაშორისო ეკონომიკა :
_cპიტერ ჰ. ლინდერტი ; [მთარგმნ.: ვახტანგ ვეფხვაძე, ირინა გოგორიშვილი ; მეცნ.-რედ. როზეტა ასათიანი].
_b[სახელმძღვ.] /
264 _aთბილისი . :
_b სიახლე,
_c2011.
300 _a376 გვ . :
_bილ.
_c29 სმ.
653 _aეკონომიკა
700 _aვეფხვაძე, ვახტანგ
_eმთარგმნელი
_9849
700 _aგოგორიშვილი, ირინა
_eმთარგმნელი
_9850
700 _aასათიანი, როზეტა
_eრედაქტორი
_9690
942 _cBK
_2udc